000 00316nam a2200121Ia 4500
005 20251222140053.0
008 251222s1900||||xx |||||||||||||| ||spa||
020 _a978-987-620-102-5
082 _a144/S83
100 _a"Stramiello, Clara Inés"
245 0 _aJuan Luis Vives: La formación del humanista
942 _cLIB
999 _c3662
_d3662